00511nam a2200181Ia 450000500170000000800410001702000150005808200130007310000180008624500290010426000370013330000190017065000100018965000110019994200060021095200980021699900150031420250430045557.0240331s9999 xx 000 0 und d a9559595210 bWEEa891 aWeerasinghe,T 0aPituwahal kala tharuniya aBorelsgamuwabCRC printersc1997 a62 p ., ( C 2) aPoems aEssays cL 001040708LaWERCLbWERCLcSSCd2024-03-31l0o 891.48 WEEp2905r2024-03-31w2024-03-31yL c4877d4877